Geographie Richtig oder Falsch #1 - Statistiken

Allgemein
  • Dieses Quiz wurde 476 mal gespielt
  • Das Durchschnittsergebnis liegt bei 12 aus 16
Antwortstatistiken
Frage Antwort % Korrekt
Schweiz ist Teil der Europäischen Union. Falsch
96%
Neuseeland hat mehr Schafe als Einwohner. Richtig
95%
Mexiko liegt südlich vom Äquator. Falsch
93%
Kein Land teilt eine Grenze mit dem Vereinigten Königreich. Falsch
91%
Für jeden Buchstaben gibt es mindestens ein Land, das damit beginnt. Falsch
90%
Afrika ist, gemessen an Landfläche, größer als Russland. Richtig
89%
Es gibt ein Land, dessen Währung Lira heißt. Richtig
89%
Neben Italien gibt es kein Land, indem Italienisch eine Amtssprache ist. Falsch
77%
Mindestens ein Teil des Arktischen Ozeans ist immer gefroren. Richtig
77%
Minnesota hat eine Grenze mit mindestens einem der Großen Seen. Richtig
74%
Shanghai liegt nördlicher als Peking. Falsch
73%
Russland grenzt an Nordkorea und Norwegen. Richtig
72%
100% des Territoriums von Singapur liegt auf Inseln. Richtig
63%
Paris liegt nördlicher als Toronto. Richtig
54%
China hat nur eine Zeitzone. Richtig
46%
Es ist möglich, auf Straßen von Anchorage bis Buenos Aires zu fahren. Falsch
32%
Keine übereinstimmenden Quizze gefunden
Verteilung der Resultate
Anzahl Personen mit jedem Resultat
Perzentil nach korrekt beantworteten Fragen
Ihre Resultats-Entwicklung
Sie haben dieses Quiz noch nicht gespielt